000 00654nam a2200241Ia 4500
003 OSt
005 20221005032003.0
006 a|||||r|||| 00| 0
007 ta
008 221004b |||||||| |||| 00| 0 tam d
024 _a63879
037 _cTextual
040 _aCRL
_cCRL
_btam
041 _2tam
_atam
082 _aO122,3M50x, 31K8
100 _aRathulan Tr.
_9584627
245 0 _aMaappachanin Paavathin Salukai
260 _aChennai
_bThamil Puthakalayam India
_c1968
300 _a264p.
_ccm.
650 _aTAMIL LITERATURE
942 _hO122,3M50x, 31K8
_cTEXL
_2cc
999 _c938867
_d938867